000
00322pab a2200121 454500
008
180718b xxu||||| |||| 00| 0 eng d
100
_a
Das Gupta Gurdas
245
_a
Profit and welfare: the effect on employment
362
_a
2 Apr 1994, p.8
650
_a
Employment (Economic Theory)
773
_a
Statesman
909
_a
26716
999
_c
26716
_d
26716